[Event "Medellin Cuartas Memorial B"]
[Site "Medellin"]
[Date "2011.08.04"]
[Round "2.40"]
[White "Dabraccio, Guillermo"]
[Black "Suarez, Arturo"]
[Result "0-1"]
[WhiteElo "1719"]
[BlackElo "1600"]
[PlyCount "28"]
[EventDate "2011.08.03"]
[EventType "swiss"]
[EventRounds "8"]
[EventCountry "COL"]
[SourceTitle "EXT 2024"]
[Source "ChessBase"]
[SourceDate "2023.10.10"]
[SourceVersion "1"]
[SourceVersionDate "2023.10.10"]
[SourceQuality "1"]

1. c4 Nf6 2. Nc3 e6 3. g3 Bb4 4. Bg2 c6 5. Nf3 d5 6. cxd5 exd5 7. d4 Bg4 8. 0-0 Nbd7 9. Qb3 Qa5 10. a3 Bxc3 11. bxc3 b5 12. Nd2 0-0 13. f3 Bh5 14. Re1 Rfe8 0-1